000 01813cam a2200181 4500500
005 20260208004337.0
041 _afre
042 _adc
100 1 0 _aDepaule, Jean-Charles
_eauthor
245 0 0 _aPhoto d'un café parisien
260 _c2007.
500 _a73
520 _aRésuméEn rappelant les caractéristiques de l’image photographique, cet article vise à évaluer leur logique et leur portée en sciences sociales. En effet, la photo est une image emplie d’indices capables de révéler de nombreux détails de la vie sociale. Et son usage scientifique ne peut être accepté que sur la base d’une méthodologie relevant, en particulier, d’un travail de lecture de l’image elle-même, dont participent le commentaire descriptif et le dessin de silhouettes.
520 _aBy evoking the characteristics of photographical images this article aims at evaluating their logic and impact in social sciences. Photographs indeed are full of signs that can reveal numerous details of social life, but their scientific use requires a methodology, in particular concerning their interpretation by means of descriptive commentaries and silhouette drawings.
520 _aZusammenfassungDurch die Evokation der Charakteristiken der fotografischen Bilder zielt dieser Artikel dazu, ihre Logik und Impact in den Sozialwissenschaften zu erwägen. Zwar sind die Fotos voller Zeichen, die zahlreiche Einzelheiten des sozialen Lebens erkennen lassen, aber ihr wissenschaftlicher Gebrauch erfordert eine Methodologie, besonders hinsichtlich ihrer Deutung mittels deskriptiven Kommentare und Silhouettenzeichen.
786 0 _nEthnologie française | 37 | 1 | 2007-03-01 | p. 29-31 | 0046-2616
856 4 1 _uhttps://shs.cairn.info/revue-ethnologie-francaise-2007-1-page-29?lang=fr&redirect-ssocas=7080
999 _c1649405
_d1649405